John Armitt's coup (Record no. 72200)

MARC details
000 -LEADER
fixed length control field 01004cam a2200205 4500
001 - CONTROL NUMBER
control field X121489
008 - FIXED-LENGTH DATA ELEMENTS--GENERAL INFORMATION
fixed length control field 030304n2003 000 0 eng u
035 ## - SYSTEM CONTROL NUMBER
System control number (Sirsi) u121489
100 ## - MAIN ENTRY--PERSONAL NAME
Personal name Bingham, T.
245 ## - TITLE STATEMENT
Title John Armitt's coup
260 ## - PUBLICATION, DISTRIBUTION, ETC.
Date of publication, distribution, etc. 2003
490 ## - SERIES STATEMENT
Series statement Building
Volume/sequential designation 258(8267) 24 January 2003, 48-49(2)
520 ## - SUMMARY, ETC.
Summary, etc. Comments on the latest ideas of John Armitt who has become chairman of Network Rail. Mentions his decision not to renew the Amey rail maintenance contract for the track between Paddington and Reading and for the work to be done 'in house'. Describes this as a bold step especially if it were implemented more widely in the industry. Also believes the ideas are being instigated in the genuine belief that they will lead to a better railway system and not for any short-term profit.
650 ## - SUBJECT ADDED ENTRY--TOPICAL TERM
Topical term or geographic name entry element RAILWAY PROPERTY
650 ## - SUBJECT ADDED ENTRY--TOPICAL TERM
Topical term or geographic name entry element CONTRACTORS LIABILITY
650 ## - SUBJECT ADDED ENTRY--TOPICAL TERM
Topical term or geographic name entry element CONTRACTORS PAYMENTS
650 ## - SUBJECT ADDED ENTRY--TOPICAL TERM
Topical term or geographic name entry element AMEY
690 ## - LOCAL SUBJECT ADDED ENTRY--TOPICAL TERM (OCLC, RLIN)
Topical term or geographic name as entry element BUILDING AND CONSTRUCTION-MANAGEMENT
942 ## - ADDED ENTRY ELEMENTS (KOHA)
Suppress in OPAC 0
Holdings
Withdrawn status Lost status Source of classification or shelving scheme Damaged status Not for loan Home library Current library Shelving location Date acquired Total Checkouts Full call number Barcode Date last seen Copy number Price effective from Koha item type
    Dewey Decimal Classification     London London Journal article 04/03/2003   X121489 121489-1001 06/08/2019 1 06/08/2019 Journal article